Normale Ansicht MARC-Ansicht ISBD

Frankreich und die Sowjetunion 1938-1940 : (Titelsatznr. 6193)

[ MARC ]
MARC-Details
000 -Satzkennung
Kontrollfeld mit fester Länge 00682nam a22002051c 4500
001 - Kontrollnummer
Kontrollfeld ht004115183
008 - Feld mit fester Länge zur physischen Beschreibung - Allgemeine Angaben
Kontrollfeld mit fester Länge 051024s1986 gw |||| 000u ger d
020 ## - Internationale Standardbuchnummer
Internationale Standardbuchnummer 3515040153
Verknüpfung 3-515-04015-3
041 ## - Sprachcode
Sprachcode des Textes/der Tonspur oder des separaten Titels ger
040 ## - Katalogisierungsquelle
Übertragungsstelle RU-10907106
003 - Kontrollnummer Identifier
Kontrollfeld RU-10907106
100 1# - Haupteintragung - Personenname
Personenname Bartel, Heinrich
245 00 - Titel
Titel Frankreich und die Sowjetunion 1938-1940 :
Zusatz zum Titel e. Beitr. zur franz. Ostpolitik zwischen d. Muenchner Abkommen u. d. Ende d. Dritten Republik
264 ## - Produktion, Veröffentlichung, Distribution, Herstellung und Urheberrechtsvermerk
Herstellungs-, Veröffentlichungs- Vertriebs-, Erzeugungsort Stuttgart :
Produzent, Herausgeber, Distributor, Hersteller Steiner,
Datum der Herstellung, der Veröffentlichung, des Vertriebs oder des Urheberschutzvermerks 1986
300 ## - Physische Beschreibung
Umfang 396 S.
490 #0 - Gesamttitelangabe
Gesamttitelangabe Quellen und Studien zur Geschichte des östlichen Europa
Bandnummer/Folgebezeichnung 24
502 ## - Dissertationsvermerk
Dissertationsvermerk Teilw. zugl.: Bonn, Univ., Diss., 1982
655 #0 - Indexierungsterm - Genre/Form
Genre/Form oder fokussierter Term Hochschulschrift
942 ## - Zusätzliche Felder (Koha)
Koha-Medientyp Monographien
Exemplare
Ausgeschieden Verloren Klassifikation oder Aufstellungssystematik Beschädigt Nicht entleihbar Heimatbibliothek Aufenthaltsbibliothek Aufstellungsort Erwerbungsdatum Inventarnummer Signatur Barcode Letzte Aktivität Preis gültig von Koha-Medientyp
    Andere/Generische Klassifikation     MWN Osteuropa MWN Osteuropa Magazin - 2 24/10/2005 05-07604 R 63 c Bar E00401506CBE4A7A 22/02/2021 22/03/2021 Monographien